| 000 | 00626nam a2200181 a 4500 | ||
|---|---|---|---|
| 005 | 20210223121929.0 | ||
| 008 | 991125s1978 mx 000 0 spa u | ||
| 035 | _aUPN01000026349 | ||
| 049 | _aCG | ||
| 050 | 4 |
_aLB775.6 E51 _bG3.4 |
|
| 100 | 1 |
_aGarcía, Leandro, _dn. 1836 _932902 |
|
| 245 | 1 | 0 |
_aGral. Juan de la Luz Enríquez : _bmilitar estadista y educador / _cLeandro García. |
| 260 |
_aJalapa : _bNormal Veracruzana, _c1978. |
||
| 300 | _a286, [16] p., [17] h. de láms. | ||
| 440 | 0 |
_aDifusión cultural ; _v7 |
|
| 600 | 1 | 4 |
_aENRIQUEZ LARA, JUAN DE LA LUZ, _d1835-1892 - _xCRITICA E INTERPRETACION _921462 |
| 905 | _aLibro | ||
| 999 |
_c26349 _d26349 |
||